<?xml version="1.0" encoding="UTF-8"?><?xml-stylesheet type="text/xsl" href="static/style.xsl"?><OAI-PMH xmlns="http://www.openarchives.org/OAI/2.0/" xmlns:xsi="http://www.w3.org/2001/XMLSchema-instance" xsi:schemaLocation="http://www.openarchives.org/OAI/2.0/ http://www.openarchives.org/OAI/2.0/OAI-PMH.xsd"><responseDate>2026-04-30T00:21:28Z</responseDate><request verb="GetRecord" identifier="oai:uvadoc.uva.es:10324/6493" metadataPrefix="marc">https://uvadoc.uva.es/oai/request</request><GetRecord><record><header><identifier>oai:uvadoc.uva.es:10324/6493</identifier><datestamp>2021-06-29T10:07:16Z</datestamp><setSpec>com_10324_38</setSpec><setSpec>col_10324_852</setSpec></header><metadata><record xmlns="http://www.loc.gov/MARC21/slim" xmlns:doc="http://www.lyncode.com/xoai" xmlns:xsi="http://www.w3.org/2001/XMLSchema-instance" xmlns:dcterms="http://purl.org/dc/terms/" xsi:schemaLocation="http://www.loc.gov/MARC21/slim http://www.loc.gov/standards/marcxml/schema/MARC21slim.xsd">
<leader>00925njm 22002777a 4500</leader>
<datafield tag="042" ind1=" " ind2=" ">
<subfield code="a">dc</subfield>
</datafield>
<datafield tag="720" ind1=" " ind2=" ">
<subfield code="a">Salguero Serrano, María del Rocío</subfield>
<subfield code="e">author</subfield>
</datafield>
<datafield tag="260" ind1=" " ind2=" ">
<subfield code="c">2014</subfield>
</datafield>
<datafield tag="520" ind1=" " ind2=" ">
<subfield code="a">El interés de realizar estadísticas radica en poner en conocimiento de toda la población, la realidad que nos rodea en todos los ámbitos, y usar esta información para apoyar la toma de decisiones. Por ello, es necesario asegurar que la estadística puede ser consultada y comprendida por todos.&#xd;
Dentro del objetivo general que se pretende alcanzar con este trabajo, y que es analizar la estadística pública, se pueden encontrar los siguientes:&#xd;
- Cómo se organiza la estadística pública.&#xd;
- Analizar las principales fuentes estadísticas públicas.&#xd;
- Estudiar la legislación que regula la estadística oficial.&#xd;
- Analizar qué canales y métodos se utilizan para hacer llegar la información estadística a los usuarios.&#xd;
- Estudiar qué herramientas se utilizan para difundirla.&#xd;
- Analizar quiénes son los principales usuarios de la estadística oficial.&#xd;
- Analizar a través del Instituto de Estadística y Cartografía de Andalucía, qué información solicitan mayoritariamente los usuarios y a través de qué cauces, estudiando la forma de atender dichas solicitudes por parte de este organismo.</subfield>
</datafield>
<datafield tag="024" ind2=" " ind1="8">
<subfield code="a">http://uvadoc.uva.es/handle/10324/6493</subfield>
</datafield>
<datafield ind1=" " ind2=" " tag="653">
<subfield code="a">Estadística - Aspecto social</subfield>
</datafield>
<datafield tag="245" ind1="0" ind2="0">
<subfield code="a">La Estadística Pública al alcance de todos</subfield>
</datafield>
</record></metadata></record></GetRecord></OAI-PMH>